Normal view
MARC view
Entry Personal Name
001 - CONTROL NUMBER
- control field: 7860
003 - CONTROL NUMBER IDENTIFIER
- control field: ARRUPE
005 - DATE AND TIME OF LATEST TRANSACTION
- control field: 20140204145257.0
008 - FIXED-LENGTH DATA ELEMENTS
- fixed length control field: 140204|| aca||aabn | a|a d
040 ## - CATALOGING SOURCE
- Original cataloging agency: ARRUPE
- Transcribing agency: ARRUPE
100 ## - HEADING--PERSONAL NAME
- Personal name: Choquette, Robert,
- Dates associated with a name: 1938-
670 ## - SOURCE DATA FOUND
- Source citation: Work cat.: (ARRUPE)0: Choquette, Robert, 1938-, The Oblate assault on Canada's northwest /, c1995.